|
|
|
|
| LEADER |
00000naa2a2200000 4500 |
| 001 |
77871 |
| 005 |
20231031093500.0 |
| 035 |
|
|
|a (RuTPU)RU\TPU\book\83474
|
| 090 |
|
|
|a 77871
|
| 100 |
|
|
|a 20050601d2001 k y0rusy50 ca
|
| 101 |
0 |
|
|a rus
|
| 102 |
|
|
|a RU
|
| 200 |
1 |
|
|a Инновационные технологии обучения как условия профессионального самоопределения
|f И. А. Дубинина
|
| 463 |
|
0 |
|0 (RuTPU)RU\TPU\book\25682
|t Воспитание личности на рубеже веков: взгляд из Сибири
|o Тезисы 2-й межвузовской научно-практической конференции, 20-21 февраля, 2001 г., Томск
|f ТПУ
|v С. 41-44.
|d 2001
|p 192 с.
|
| 610 |
1 |
|
|a обучение
|
| 610 |
1 |
|
|a технологии обучения
|
| 610 |
1 |
|
|a инновационные технологии
|
| 610 |
1 |
|
|a профессиональные знания
|
| 610 |
1 |
|
|a специалисты
|
| 610 |
1 |
|
|a управление
|
| 610 |
1 |
|
|a активность
|
| 610 |
1 |
|
|a образовательные технологии
|
| 610 |
1 |
|
|a труды учёных ТПУ
|
| 700 |
|
1 |
|a Дубинина
|b И. А.
|c психолог
|c старший преподаватель Томского политехнического университета
|f 1963-
|g Ирина Анатольевна
|2 stltpush
|3 (RuTPU)RU\TPU\pers\25556
|
| 801 |
|
1 |
|a RU
|b 63413507
|c 20050601
|g PSBO
|
| 801 |
|
2 |
|a RU
|b 63413507
|c 20210527
|g RCR
|
| 942 |
|
|
|c BK
|